| 000 | 00901nam a22002297a 4500 | ||
|---|---|---|---|
| 999 |
_c18927 _d18927 |
||
| 003 | AR-CdUCM | ||
| 008 | 190515b ||||| |||| 00| 0 spa d | ||
| 040 |
_aMUNICIPALIDAD PROVINCIAL DEL CUSCO _cBIBLIOTECA MUNICIPAL DEL CUSCO |
||
| 082 |
_a348.6 / _bR92 |
||
| 100 |
_aRueda Sanchez, Gregorio _931882 |
||
| 245 |
_aManual de legislación laboral : _bderechos y beneficios sociales de los trabajadores / |
||
| 260 |
_aLima : _bRueda, |
||
| 300 |
_a704 páginas ; _c21 cm. |
||
| 505 | _aContenido: Contratos de trabajo -- Jornada de trabajo -- Día del trabajo -- Feriados no laborales -- Salario dominical y descanso semanal obligatorio -- Libro de planillas ... | ||
| 650 |
_aDerecho laboral _95297 |
||
| 650 |
_aRelaciones laborales _97470 |
||
| 650 |
_aTrabajo y trabajadores _99211 |
||
| 650 |
_aLegislación _92962 |
||
| 650 |
_aPerú _935 |
||
| 942 |
_2ddc _cLIBROS |
||
| 945 |
_aacv _d2019-05-15 |
||